Tractatus logico-philosophicus

Αποθηκεύτηκε σε:
Λεπτομέρειες βιβλιογραφικής εγγραφής
Κύριος συγγραφέας: Wittgenstein, Ludwig, 1889-1951
Άλλοι συγγραφείς: Pears, David Francis (Μεταφραστής), McGuinness, Brian (Συγγραφέας εισαγωγής κ.λπ.)
Μορφή: Βιβλίο
Γλώσσα:English
Δημοσίευση: London ; New York : Routledge, c2001
Σειρά:Routledge classics
Θέματα:
Ετικέτες: Προσθήκη ετικέτας
Δεν υπάρχουν, Καταχωρήστε ετικέτα πρώτοι!

MARC

LEADER 00000cam a2200000 i 4500
001 1/65499
008 041111s2001 eng d
020 |a 0-415-25408-6 
035 |l 10075223 
040 |a GR-MY-UA  |b gre  |e aacr 
041 0 |a eng 
082 0 |a 192 
100 1 |a Wittgenstein, Ludwig,   |d 1889-1951. 
245 1 0 |a Tractatus logico-philosophicus /  |c Ludwig Wittgenstein ; translated by D.F. Pears and B.F. McGuinness ; with an introduction by Bertrand Russell 
260 |a London ; New York :   |b Routledge,   |c c2001 
300 |a xxv, 106 σ.;  |c 21 εκ. 
490 1 |a Routledge classics 
504 |a Περιέχει ευρετήριο 
650 0 0 |a Logic, Symbolic and mathematical. 
650 0 0 |a Language and languages  |x Philosophy. 
700 1 |a Pears, David Francis.  |4 trl 
700 1 |a McGuinness, Brian.  |4 aui 
830 0 |a Routledge classics 
852 |a INST  |b LESVOS  |e 20150129  |h 192 WIT  |p 005100056155  |q 005100056155  |t BK  |y 0 
852 |a INST  |b SAMOS  |e 20041111  |h 192 WIT  |p 005300022912  |q 005300022912  |t BK  |y 0 
901 |a BIBL3-2004-3 
901 |a BIBL1-2015-1 
909 |a Σ  |b 113959 
909 |a Λ  |b 191618 
920 |a ΔΙΕΥΡΥΝΣΗ  |b ΕΠΕΑΕΚ-ΤΜΠΕΣ  |y ΣΑΜΟΣ  |z 2004-10 
970 |a ΜΑΛΑΓΑΡΗ  |b ΦΩΤΕΙΝΗ  |z 2004/11/11